00469 2200157 4500001002100000005001500021035002000036245010400056100002200160300002800182260004500210082000800255084001400263020002200277990001200299INLIS00000000000316420251126115054 a0010-11250000251 aEnsiklopedia Teknologi Tepat Guna :bAlat Transportasi dan Televisi Atau Radio /cAde Arief Rakhman0 aAde Arief Rakhman a116 hlm ;c17,5 x 25 cm aJakarta :bPT. Listafariska Putra,c2014 a600 a600 ADE e a978-602-9232-18-9 a0750963